On This Day: August 8th Quiz Stats

 Plays Quiz Updated Aug 8, 2017

Support Sporcle.
Go Orange.
Score 0/7 Timer 03:00
0 Plays Today
Question Answer Wrong Answers
In a nationwide television address, this politician publicly announces his resignation.
1974
Richard Nixon
93.3%
Spiro Agnew
1%
Nelson Rockefeller
0.9%
Gerald Ford
1.7%
The London Charter is signed by the Allies, establishing the laws and procedures by which the ______ trials are to be conducted.
1945
Nuremberg
92.3%
Augsburg
1.7%
Stuttgart
2.2%
Dortmund
1.3%
The Quit India Movement is launched in India against ______ rule in response to Mohandas Gandhi's call for complete independence.
1942
British
91.9%
French
2.6%
Chinese
2.1%
Iranian
1.5%
At a zebra crossing in London, photographer Iain Macmillan takes the iconic photo that becomes the cover image of this album by The Beatles.
1969
Abbey Road
91.3%
Revolver
1.6%
Rubber Soul
1.5%
Yellow Submarine
2.8%
Facing skepticism from European press, this man makes his first public flight at a racecourse in Le Mans, France.
1908
Wilbur Wright
86.7%
Elmer Wright
4.3%
Steven Wright
4.7%
Homer Wright
3.3%
This Swiss tennis player, winner of a record 20 Grand Slam singles titles, is born.
1981
Roger Federer
80.6%
Rafael Nadal
9.5%
Novak Djokovic
4.7%
Gaël Monfils
1.9%
The first recorded ascent of this mountain, the highest in the Alps, is made by Jacques Balmat and Dr. Michel-Gabriel Paccard.
1786
Mont Blanc
51.2%
Matterhorn
44.8%
Grossglockner
1.3%
Jungfrau
2.6%

You're not logged in!

Compare scores with friends on all Sporcle quizzes.
OR
Log In
Forgot?

From the Vault

Nolan by Plot Description

by MrWhiplash

Every Nolan movie has a few main Tenets to keep in mind.
Remove Ads.
Support Sporcle.
Get the best of Sporcle when you Go Orange. This ad-free experience offers more features, more stats, and more fun while also helping to support Sporcle. Thank you for becoming a member.

Show Comments

Extras

Top Quizzes Today


Score Distribution

Your Account Isn't Verified!

In order to create a playlist on Sporcle, you need to verify the email address you used during registration. Go to your Sporcle Settings to finish the process.

Report this User

Report this user for behavior that violates our Community Guidelines.

Details: